[Event "Titled Tuesday intern op 13th Feb Early"]
[Site "Chess.com INT"]
[Date "2024.02.13"]
[Round "9"]
[White "Balla, Tamas Kristof"]
[Black "Voicu, Teodor Mihnea"]
[Result "0-1"]
[WhiteElo "2283"]
[BlackElo "2145"]
[PlyCount "70"]
[EventDate "2024.02.13"]
[EventType "swiss (blitz)"]
[EventRounds "11"]
[EventCountry "USA"]
[SourceTitle "CB08_2024"]
[SourceDate "2024.02.21"]
[SourceVersion "1"]
[SourceVersionDate "2024.02.21"]
[SourceQuality "1"]

1. e4 g6 2. d4 Bg7 3. Nf3 d6 4. Bc4 e6 5. c3 Ne7 6. 0-0 h6 7. Re1 0-0 8. e5 Nbc6 9. exd6 Qxd6 10. Nbd2 Nd5 11. Ne4 Qd8 12. h3 Kh7 13. Bb3 b6 14. h4 f5 15. Ng3 Re8 16. Bc2 Bd7 17. a3 Nf6 18. c4 Ng4 19. Bf4 e5 20. dxe5 Ncxe5 21. Nxe5 Bxe5 22. Bxe5 Rxe5 23. Rxe5 Nxe5 24. h5 Be6 25. hxg6+ Nxg6 26. Qh5 Qh4 27. Qf3 Rf8 28. Re1 Qf6 29. Nh5 Qf7 30. b3 Nh4 31. Qe2 Qg6 32. Nf4 Qg5 33. Qxe6 Nf3+ 34. Kf1 Nxe1 35. Qe7+ Qxe7 0-1

[Event "Titled Tuesday intern op 13th Feb Early"]
[Site "Chess.com INT"]
[Date "2024.02.13"]
[Round "11"]
[White "Rees, Ioan"]
[Black "Voicu, Teodor Mihnea"]
[Result "1/2-1/2"]
[WhiteElo "2266"]
[BlackElo "2145"]
[PlyCount "114"]
[EventDate "2024.02.13"]
[EventType "swiss (blitz)"]
[EventRounds "11"]
[EventCountry "USA"]
[SourceTitle "CB08_2024"]
[SourceDate "2024.02.21"]
[SourceVersion "1"]
[SourceVersionDate "2024.02.21"]
[SourceQuality "1"]

1. Nf3 d5 2. d4 Nf6 3. e3 Bf5 4. Bd3 e6 5. 0-0 Nbd7 6. c4 c6 7. Bxf5 exf5 8. cxd5 Nxd5 9. Nc3 N7f6 10. Qb3 Qb6 11. Nxd5 Nxd5 12. Qc2 g6 13. e4 fxe4 14. Qxe4+ Be7 15. Bh6 0-0-0 16. Ne5 f5 17. Qf3 Rhe8 18. Rfd1 Kb8 19. a3 Qc7 20. b4 Bd6 21. b5 Bxe5 22. dxe5 Qxe5 23. bxc6 bxc6 24. g3 Qe4 25. Qb3+ Ka8 26. Rac1 Rb8 27. Qc4 Qxc4 28. Rxc4 Re6 29. Kg2 Rb2 30. Rd2 Rxd2 31. Bxd2 Re2 32. Bb4 Kb7 33. Bc5 Re4 34. Rc2 Ka6 35. Kf3 Re6 36. h4 Nf6 37. Rb2 Ne4 38. Be3 c5 39. Rb8 Rb6 40. Rc8 Kb5 41. g4 Nd6 42. Rxc5+ Ka4 43. g5 Rb3 44. Rc7 Rb7 45. Rxb7 Nxb7 46. Bxa7 Kxa3 47. Kf4 Na5 48. Be3 Nc4 49. Kf3 Kb3 50. Ke2 Kc3 51. Kf3 Kd3 52. Bf4 Nb6 53. Be3 Nd5 54. Bf4 Nc3 55. Be3 Nd5 56. Bc5 Kc4 57. Be3 Kd3 1/2-1/2

[Event "Titled Tuesday intern op 13th Feb Early"]
[Site "Chess.com INT"]
[Date "2024.02.13"]
[Round "5"]
[White "Viana, Valeria"]
[Black "Voicu, Teodor Mihnea"]
[Result "0-1"]
[WhiteElo "1792"]
[BlackElo "2145"]
[PlyCount "70"]
[EventDate "2024.02.13"]
[EventType "swiss (blitz)"]
[EventRounds "11"]
[EventCountry "USA"]
[SourceTitle "CB08_2024"]
[SourceDate "2024.02.21"]
[SourceVersion "1"]
[SourceVersionDate "2024.02.21"]
[SourceQuality "1"]

1. e4 c5 2. Nf3 Nc6 3. d4 cxd4 4. Nxd4 e6 5. Be2 Nf6 6. f3 d5 7. exd5 exd5 8. Nxc6 bxc6 9. 0-0 Bc5+ 10. Kh1 0-0 11. Nc3 Bf5 12. Bd3 Bxd3 13. Qxd3 Nd7 14. Bf4 Qf6 15. Bg3 Rfe8 16. Rfe1 Ne5 17. Bxe5 Rxe5 18. Na4 Bd6 19. Qa6 Rxe1+ 20. Rxe1 Qh4 21. g3 Bxg3 22. Re2 g6 23. Qxc6 Rd8 24. Nc3 Qh5 25. Re8+ Kg7 26. Re2 Qxf3+ 27. Rg2 Be5 28. Qa4 Bxc3 29. bxc3 Qxc3 30. Qxa7 Re8 31. Qf2 d4 32. Rg1 Qc6+ 33. Rg2 Qe4 34. Qg3 Rc8 35. h3 Rxc2 0-1

[Event "Titled Tuesday intern op 06th Feb Early"]
[Site "Chess.com INT"]
[Date "2024.02.06"]
[Round "5"]
[White "Burmakin, Evgeniy"]
[Black "Voicu, Teodor Mihnea"]
[Result "1-0"]
[WhiteElo "2166"]
[BlackElo "2145"]
[PlyCount "97"]
[EventDate "2024.02.06"]
[EventType "swiss (blitz)"]
[EventRounds "11"]
[EventCountry "USA"]
[SourceTitle "CB07_2024"]
[SourceDate "2024.02.14"]
[SourceVersion "1"]
[SourceVersionDate "2024.02.14"]
[SourceQuality "1"]

1. e4 c5 2. Nc3 g6 3. d4 Bg7 4. d5 d6 5. h3 Nf6 6. Nf3 a6 7. a4 Nbd7 8. Be2 0-0 9. 0-0 h6 10. Bf4 Kh7 11. Qd2 b6 12. Rfe1 Re8 13. Bf1 Nh5 14. Bh2 Ne5 15. Nxe5 dxe5 16. Rad1 Qd6 17. g3 Bd7 18. f4 Rad8 19. f5 Bf6 20. Bxa6 Bg5 21. Qf2 Ng7 22. h4 Bf6 23. g4 g5 24. Bg3 Ra8 25. Bb5 Rec8 26. b3 Ne8 27. Qh2 Kg7 28. Bxd7 Qxd7 29. Bxe5 c4 30. b4 Nc7 31. Bxf6+ exf6 32. e5 Ne8 33. e6 Qd6 34. Ne4 Qxh2+ 35. Kxh2 Rxa4 36. d6 Nxd6 37. Nxd6 Rb8 38. e7 Ra2 39. e8Q Rxe8 40. Nxe8+ Kf8 41. Nxf6 Rxc2+ 42. Kg3 Rc3+ 43. Kf2 Rb3 44. hxg5 hxg5 45. Re8+ Kg7 46. Nh5+ Kh7 47. Rd7 Rb2+ 48. Ke3 Rb3+ 49. Ke4 1-0

[Event "ROM-chT Rapid"]
[Site "Sebes"]
[Date "2023.12.02"]
[Round "4.10"]
[White "Voicu, Teodor Mihnea"]
[Black "Craciun, Ovidiu"]
[Result "1-0"]
[WhiteElo "2191"]
[BlackElo "1834"]
[PlyCount "57"]
[EventDate "2023.12.02"]
[EventType "team-swiss (rapid)"]
[EventRounds "8"]
[EventCountry "ROU"]
[SourceTitle "CB49_2023"]
[SourceDate "2023.12.06"]
[SourceVersion "1"]
[SourceVersionDate "2023.12.06"]
[SourceQuality "1"]
[WhiteTeam "Buzau Gloria"]
[BlackTeam "Cugir Metalurgistul"]
[WhiteTeamCountry "ROU"]
[BlackTeamCountry "ROU"]

1. d4 Nf6 2. c4 g6 3. Nc3 Bg7 4. e4 d6 5. Bd3 e5 6. d5 0-0 7. Nge2 a5 8. Ng3 c6 9. 0-0 Na6 10. h3 Bd7 11. Bc2 Rb8 12. Qe2 Qc7 13. Rd1 Rfc8 14. dxc6 bxc6 15. b3 Nb4 16. Bb2 d5 17. exd5 cxd5 18. cxd5 Nfxd5 19. Nxd5 Nxd5 20. Rxd5 Qxc2 21. Rd2 Qc7 22. Rc1 Qa7 23. Rxc8+ Rxc8 24. Ne4 Rc6 25. Qd3 Rc7 26. Qd6 Qb8 27. Nf6+ Bxf6 28. Qxf6 Rc6 29. Qe7 1-0

[Event "Sebes GP op"]
[Site "Sebes"]
[Date "2023.11.05"]
[Round "5"]
[White "Kantor, Gergely"]
[Black "Voicu, Teodor Mihnea"]
[Result "1-0"]
[WhiteElo "2527"]
[BlackElo "2247"]
[PlyCount "107"]
[EventDate "2023.11.04"]
[EventType "swiss"]
[EventRounds "10"]
[EventCountry "ROU"]
[SourceTitle "CB46_2023"]
[SourceDate "2023.11.15"]
[SourceVersion "1"]
[SourceVersionDate "2023.11.15"]
[SourceQuality "1"]

1. d4 Nf6 2. c4 e6 3. Nf3 b6 4. a3 Bb7 5. Bf4 d5 6. cxd5 exd5 7. Nc3 a6 8. e3 Bd6 9. Bg3 0-0 10. Rc1 Qe7 11. Bd3 Nbd7 12. 0-0 Ne4 13. Bxe4 dxe4 14. Nd2 Bxg3 15. hxg3 c5 16. Nc4 Rad8 17. Ne2 b5 18. Na5 Ba8 19. Qe1 c4 20. Qb4 Qxb4 21. axb4 Nb6 22. Nc3 Nd5 23. Nxd5 Bxd5 24. b3 Rc8 25. bxc4 bxc4 26. Rc3 Rb8 27. Nxc4 Rxb4 28. Ne5 f6 29. Nd7 Rd8 30. Nc5 a5 31. Ra1 Ra8 32. Rca3 Rb5 33. Na4 Rb3 34. Nc3 Rxa3 35. Rxa3 Bb7 36. Rb3 Rc8 37. Kf1 Ba6+ 38. Ke1 Bd3 39. Kd2 f5 40. f3 h6 41. g4 g6 42. gxf5 gxf5 43. Rb6 Kg7 44. Rb7+ Kg6 45. Nd5 Rc2+ 46. Kd1 Ra2 47. Nf4+ Kf6 48. Rb6+ Kf7 49. d5 Ke7 50. d6+ Kd7 51. Ng6 Rc2 52. Ne5+ Kd8 53. d7 Kc7 54. Rb8 1-0

[Event "EU-ch U18 31st"]
[Site "Mamaia"]
[Date "2023.09.05"]
[Round "1"]
[White "Voicu, Teodor Mihnea"]
[Black "Davtyan, Arsen"]
[Result "1-0"]
[WhiteElo "2162"]
[BlackElo "2430"]
[PlyCount "73"]
[EventDate "2023.09.05"]
[EventType "swiss"]
[EventRounds "9"]
[EventCountry "ROU"]
[SourceTitle "EXT 2024"]
[Source "ChessBase"]
[SourceDate "2023.10.10"]
[SourceVersion "1"]
[SourceVersionDate "2023.10.10"]
[SourceQuality "1"]

1. d4 Nf6 2. Nf3 d5 3. Bf4 c5 4. e3 Nc6 5. c3 Bg4 6. Nbd2 e6 7. Bd3 Bd6 8. dxc5 Bxc5 9. Qb3 Bb6 10. 0-0 0-0 11. Ne5 Bh5 12. Nxc6 bxc6 13. Qc2 Re8 14. Nf3 Bxf3 15. gxf3 Bc7 16. Bg3 e5 17. Rad1 Qe7 18. c4 d4 19. Rfe1 Bb6 20. exd4 Bxd4 21. c5 Qb7 22. Re2 g6 23. a3 a5 24. Bc4 Nh5 25. f4 Nxg3 26. hxg3 Re7 27. Ba2 Rae8 28. Qc4 Kg7 29. b4 axb4 30. axb4 Qd7 31. Kg2 Qc7 32. Bb3 h5 33. Bc2 Ra8 34. f5 Qd7 35. f4 Qe8 36. f6+ Kxf6 37. Rxd4 1-0

[Event "Brasov GP RO"]
[Site "Brasov"]
[Date "2023.07.19"]
[Round "5"]
[White "Voicu, Teodor Mihnea"]
[Black "Ilamparthi, AR."]
[Result "0-1"]
[WhiteElo "2082"]
[BlackElo "2393"]
[PlyCount "72"]
[EventDate "2023.07.16"]
[EventType "swiss"]
[EventRounds "9"]
[EventCountry "ROU"]
[SourceTitle "CBM 215 Extra"]
[Source "ChessBase"]
[SourceDate "2023.09.30"]
[SourceVersion "1"]
[SourceVersionDate "2023.09.30"]
[SourceQuality "1"]

1. d4 Nf6 2. c4 g6 3. Nc3 Bg7 4. e4 d6 5. Nf3 0-0 6. Be2 Nbd7 7. 0-0 e5 8. Be3 Qe7 9. dxe5 dxe5 10. h3 c6 11. Nd2 Nc5 12. Qc2 Ne6 13. Nb3 Nd7 14. Rad1 Nf4 15. Kh2 Qh4 16. Bg4 f5 17. Bf3 Nf6 18. Bxf4 exf4 19. Kg1 g5 20. exf5 g4 21. hxg4 Nxg4 22. Bxg4 Qxg4 23. f3 Qh5 24. Ne4 Bxf5 25. Rfe1 Kh8 26. Nd4 Bd7 27. Ne2 Be6 28. Rd6 Rae8 29. Qc1 Be5 30. Rd2 Rg8 31. Rf1 Rxg2+ 32. Kxg2 Bh3+ 33. Kg1 Rg8+ 34. N2g3 Bxf1 35. Rh2 Bd4+ 36. Kxf1 Qxf3+ 0-1

[Event "ROM-ch U16"]
[Site "Mamaia"]
[Date "2021.04.10"]
[Round "5"]
[White "Stepanencu, Nicodim Cosmin"]
[Black "Voicu, Teodor Mihnea"]
[Result "1-0"]
[WhiteElo "2104"]
[BlackElo "1907"]
[PlyCount "77"]
[EventDate "2021.04.07"]
[EventType "swiss"]
[EventRounds "9"]
[EventCountry "ROU"]
[SourceTitle "EXT 2022"]
[Source "ChessBase"]
[SourceDate "2021.10.06"]
[SourceVersion "1"]
[SourceVersionDate "2021.10.06"]
[SourceQuality "1"]

1. e4 c6 2. d4 d5 3. e5 Bf5 4. Nf3 e6 5. Be2 Nd7 6. 0-0 h6 7. Nbd2 Ne7 8. Nb3 Rc8 9. Be3 Bh7 10. Rc1 b5 11. Bd2 Ra8 12. Ba5 Qc8 13. Qd2 Be4 14. Ne1 Qb7 15. Bb4 Nc8 16. Bxf8 Rxf8 17. Bd3 Bxd3 18. Nxd3 Ndb6 19. Na5 Nc4 20. Nxb7 Nxd2 21. Rfd1 Nc4 22. b3 Rb8 23. Ndc5 N4b6 24. Na5 Ne7 25. Na6 Rc8 26. c4 Kd7 27. Nc5+ Ke8 28. cxb5 cxb5 29. Nab7 Rc6 30. Nd6+ Rxd6 31. exd6 Nec8 32. Nb7 f6 33. Rc7 Rf7 34. Rdc1 Rd7 35. Rxd7 Kxd7 36. Rc7+ Ke8 37. d7+ Nxd7 38. Rxc8+ Ke7 39. Nc5 1-0

[Event "ROM-ch U16"]
[Site "Mamaia"]
[Date "2021.04.07"]
[Round "1"]
[White "Voicu, Teodor Mihnea"]
[Black "Vilcu, Matei Stefan"]
[Result "1/2-1/2"]
[WhiteElo "1907"]
[BlackElo "2119"]
[PlyCount "61"]
[EventDate "2021.04.07"]
[EventType "swiss"]
[EventRounds "9"]
[EventCountry "ROU"]
[SourceTitle "EXT 2022"]
[Source "ChessBase"]
[SourceDate "2021.10.06"]
[SourceVersion "1"]
[SourceVersionDate "2021.10.06"]
[SourceQuality "1"]

1. d4 Nf6 2. c4 g6 3. Nc3 Bg7 4. e4 d6 5. f3 0-0 6. Be3 c5 7. Nge2 Nc6 8. Qd2 Qa5 9. g3 Bd7 10. Bg2 cxd4 11. Nxd4 Nxd4 12. Bxd4 Rfc8 13. b3 a6 14. Nd5 Qxd2+ 15. Kxd2 Nxd5 16. Bxg7 Nf4 17. gxf4 Kxg7 18. Rhd1 b5 19. Bf1 Rc5 20. Ke3 Be6 21. b4 Rh5 22. cxb5 axb5 23. a3 Rb8 24. Rd2 Rc8 25. Kd4 Bd7 26. Rad1 Rh4 27. Ke3 Rc3+ 28. Rd3 Rc2 29. R1d2 Rxh2 30. Rxh2 Rxh2 31. Be2 1/2-1/2

[Event "ROM-ch U14"]
[Site "Calimanesti Caciulata"]
[Date "2019.04.22"]
[Round "9"]
[White "Mihalcescu, Alexandru"]
[Black "Voicu, Teodor Mihnea"]
[Result "1-0"]
[WhiteElo "1740"]
[BlackElo "1782"]
[PlyCount "157"]
[EventDate "2019.04.15"]
[EventType "swiss"]
[EventRounds "9"]
[EventCountry "ROU"]
[SourceTitle "EXT 2020"]
[Source "ChessBase"]
[SourceDate "2019.10.17"]
[SourceVersion "1"]
[SourceVersionDate "2019.10.17"]
[SourceQuality "1"]

1. e4 d6 2. d4 Nf6 3. Nc3 g6 4. f4 Bg7 5. Bd3 0-0 6. Nf3 c6 7. 0-0 Qc7 8. e5 Ne8 9. Qe1 e6 10. Qh4 f6 11. Bd2 Nd7 12. Ne4 d5 13. Nf2 Rf7 14. g4 Nf8 15. Kg2 b6 16. Nh1 c5 17. c3 f5 18. Ng5 Re7 19. Rae1 h6 20. Nf3 a5 21. Ng3 Ba6 22. Bxa6 Rxa6 23. Re2 c4 24. Kh1 b5 25. Rg2 Rf7 26. Qh3 Qd8 27. Rfg1 Rb6 28. gxf5 exf5 29. Nh4 Kh7 30. Nf3 Kg8 31. Nh4 Kh7 32. Nf1 Qd7 33. Ne3 b4 34. Nf3 Kg8 35. Qg3 g5 36. h3 Ne6 37. Nd1 bxc3 38. bxc3 gxf4 39. Bxf4 Nf8 40. Ne3 Rg6 41. Qh2 Qe6 42. Rxg6 Nxg6 43. Qg3 Kh7 44. Nxd5 Qxd5 45. Qxg6+ Kg8 46. Qg2 Qe6 47. Nd2 Nc7 48. Qg6 Qxg6 49. Rxg6 Kh7 50. Rg3 Nd5 51. Rf3 Rc7 52. Bh2 Kg6 53. Rg3+ Kf7 54. e6+ Kf6 55. Rxg7 Rxg7 56. Be5+ Kg6 57. Bxg7 Kxg7 58. Nxc4 Kf6 59. Nxa5 Nxc3 60. e7 Kxe7 61. a3 Nb5 62. Nc6+ Kd6 63. a4 Nc3 64. Ne5 Kd5 65. a5 Nb5 66. a6 Kxd4 67. Nc6+ Kc5 68. a7 Nc7 69. Ne7 Kb6 70. Nd5+ Kxa7 71. Nxc7 Kb6 72. Ne6 Kb7 73. Kg2 Kc8 74. Kf3 Kd7 75. Ng7 Ke7 76. Nxf5+ Kf6 77. Nxh6 Kg5 78. Ng4 Kh4 79. Kg2 1-0

[Event "ROM-ch U14"]
[Site "Calimanesti Caciulata"]
[Date "2019.04.18"]
[Round "5"]
[White "Voicu, Teodor Mihnea"]
[Black "Prisacaru, Stefan Emilian"]
[Result "1-0"]
[WhiteElo "1782"]
[BlackElo "1667"]
[PlyCount "117"]
[EventDate "2019.04.15"]
[EventType "swiss"]
[EventRounds "9"]
[EventCountry "ROU"]
[SourceTitle "CBM 190 Extra"]
[Source "ChessBase"]
[SourceDate "2019.07.15"]
[SourceVersion "1"]
[SourceVersionDate "2019.07.15"]
[SourceQuality "1"]

1. d4 d5 2. c4 c6 3. Nf3 Nf6 4. Nc3 a6 5. cxd5 cxd5 6. Bf4 Nc6 7. e3 Bf5 8. Bd3 Bxd3 9. Qxd3 e6 10. 0-0 Nh5 11. Bg3 Nxg3 12. hxg3 g6 13. Rac1 Qa5 14. a3 Bg7 15. Nd2 0-0 16. Nb3 Qc7 17. Nc5 Ne5 18. Qe2 Nc4 19. b3 Nb6 20. a4 e5 21. Qd2 Rac8 22. a5 exd4 23. exd4 Na8 24. N3a4 Qb8 25. Nd7 Qd6 26. Nxf8 Rxf8 27. Nc5 Rb8 28. Qb4 Bf8 29. Qa4 Be7 30. Qd7 Nc7 31. Rfe1 Bf8 32. Qxd6 Bxd6 33. Nd7 Rd8 34. Nf6+ Kg7 35. Rxc7 Bxc7 36. Ne8+ Rxe8 37. Rxe8 Bxa5 38. Re5 Bc3 39. Rxd5 Kf6 40. Rd7 Ke6 41. Rxb7 Bxd4 42. Rb4 Kd5 43. Ra4 h5 44. Rxa6 Kc5 45. Ra7 Kb4 46. Rxf7 Kxb3 47. Rd7 Kc4 48. Rd6 g5 49. Rh6 Kd3 50. Kf1 Ke4 51. Rxh5 Kf5 52. Ke2 Kg4 53. Rh7 Be5 54. Ke3 Bd6 55. Ke4 Bc5 56. f4 Bf2 57. Rg7 Bxg3 58. Rxg5+ Kh4 59. Rxg3 1-0

[Event "ROM-ch U14"]
[Site "Calimanesti Caciulata"]
[Date "2019.04.17"]
[Round "4"]
[White "Vilcu, Matei Stefan"]
[Black "Voicu, Teodor Mihnea"]
[Result "1-0"]
[WhiteElo "1950"]
[BlackElo "1782"]
[PlyCount "135"]
[EventDate "2019.04.15"]
[EventType "swiss"]
[EventRounds "9"]
[EventCountry "ROU"]
[SourceTitle "CBM 190 Extra"]
[Source "ChessBase"]
[SourceDate "2019.07.15"]
[SourceVersion "1"]
[SourceVersionDate "2019.07.15"]
[SourceQuality "1"]

1. e4 c5 2. Nf3 d6 3. d4 cxd4 4. Qxd4 Nc6 5. Bb5 Bd7 6. Bxc6 Bxc6 7. Nc3 Nf6 8. Bg5 Nd7 9. 0-0-0 Qa5 10. Kb1 Ne5 11. Nd5 f6 12. Bd2 Qd8 13. h4 e6 14. Ne3 Qb6 15. Bb4 Rd8 16. Qxb6 axb6 17. Rd4 Nf7 18. Nd2 Be7 19. f3 0-0 20. Rd1 b5 21. c4 Rd7 22. cxb5 Bxb5 23. Ndc4 Bxc4 24. Nxc4 b5 25. Na3 Rb8 26. Rc1 Rdb7 27. Rd2 Kf8 28. Rdc2 Ke8 29. Rc8+ Kd7 30. R1c7+ Rxc7 31. Rxb8 Nd8 32. Rxb5 e5 33. Rd5 Ne6 34. Nb5 Rc6 35. g3 g5 36. hxg5 fxg5 37. g4 Nf4 38. Rd2 Ke6 39. Nc3 Rc4 40. a3 Rd4 41. Kc2 Rc4 42. Rh2 Bf6 43. Rxh7 Rd4 44. Rh6 Kf7 45. Rh2 Be7 46. Ne2 Rc4+ 47. Kb3 Rc6 48. Nxf4 exf4 49. Rd2 Ke6 50. a4 Bf6 51. a5 Be5 52. Ka4 Kd7 53. Kb5 Kc7 54. a6 Rb6+ 55. Ka5 Rc6 56. Ba3 Rc4 57. Rd3 Rc6 58. Rb3 Bd4 59. Rb7+ Kc8 60. Rf7 Kb8 61. Rf8+ Ka7 62. Rf7+ Ka8 63. Rd7 Be3 64. Rxd6 Rc2 65. e5 Ka7 66. Rd7+ Ka8 67. e6 Rc8 68. e7 1-0

[Event "ROM-ch U14"]
[Site "Calimanesti Caciulata"]
[Date "2019.04.17"]
[Round "3"]
[White "Voicu, Teodor Mihnea"]
[Black "Antonica, Dragos Andrei"]
[Result "1/2-1/2"]
[WhiteElo "1782"]
[BlackElo "2130"]
[PlyCount "41"]
[EventDate "2019.04.15"]
[EventType "swiss"]
[EventRounds "9"]
[EventCountry "ROU"]
[SourceTitle "CBM 190 Extra"]
[Source "ChessBase"]
[SourceDate "2019.07.15"]
[SourceVersion "1"]
[SourceVersionDate "2019.07.15"]
[SourceQuality "1"]

1. e4 e6 2. d4 d5 3. exd5 exd5 4. Bd3 Bd6 5. Nf3 Ne7 6. 0-0 Nbc6 7. c3 Bg4 8. b4 Qd7 9. a4 Ng6 10. Re1+ Nce7 11. h3 Bxh3 12. gxh3 Qxh3 13. Bf1 Qg4+ 14. Bg2 f6 15. Qe2 0-0-0 16. Qe6+ Qxe6 17. Rxe6 Nf8 18. Re2 g5 19. Na3 a6 20. Nc2 Rg8 21. Nfe1 1/2-1/2

[Event "EU-ch U12 27th"]
[Site "Mamaia"]
[Date "2017.09.06"]
[Round "2"]
[White "Voicu, Teodor Mihnea"]
[Black "Rata, Andrei"]
[Result "1-0"]
[WhiteElo "1510"]
[BlackElo "1763"]
[PlyCount "106"]
[EventDate "2017.09.05"]
[EventType "swiss"]
[EventRounds "9"]
[EventCountry "ROU"]
[SourceTitle "CBM 180 Extra"]
[Source "ChessBase"]
[SourceDate "2017.10.06"]
[SourceVersion "1"]
[SourceVersionDate "2017.10.06"]
[SourceQuality "1"]

1. e4 c5 2. Nf3 d6 3. d4 cxd4 4. Nxd4 Nf6 5. Nc3 a6 6. Be2 e6 7. Be3 b5 8. a3 Bb7 9. f3 Nbd7 10. 0-0 Qc7 11. Qd2 Be7 12. Rfd1 0-0 13. Rac1 d5 14. exd5 Nxd5 15. Nxd5 Bxd5 16. Kh1 Rfd8 17. Qe1 Qe5 18. Qf2 Rac8 19. f4 Qc7 20. Bf3 Nf6 21. c3 Bd6 22. Ne2 Bxf3 23. Qxf3 Nd5 24. h3 h6 25. Rf1 Rd7 26. Bd4 Bc5 27. Rcd1 Bxd4 28. Rxd4 Nf6 29. Rfd1 Rcd8 30. Rxd7 Rxd7 31. Rxd7 Qxd7 32. Nd4 Nd5 33. Qe4 Qd6 34. f5 e5 35. Nf3 f6 36. Nh4 Nf4 37. Ng6 Qd1+ 38. Kh2 Nxg6 39. fxg6 Qd8 40. Qc6 Qb8 41. Qxa6 Kf8 42. Qe6 e4+ 43. Kg1 Qa7+ 44. Kf1 e3 45. Ke2 Qb7 46. Qf7+ Qxf7 47. gxf7 Kxf7 48. Kxe3 Ke6 49. b3 Kd5 50. a4 bxa4 51. bxa4 Kc5 52. Ke4 g6 53. g4 Kc4 1-0

[Event "ROM-ch U12"]
[Site "Baile Felix"]
[Date "2017.02.03"]
[Round "2"]
[White "Baciu, Daniel"]
[Black "Voicu, Teodor Mihnea"]
[Result "0-1"]
[WhiteElo "1407"]
[BlackElo "1664"]
[PlyCount "54"]
[EventDate "2017.02.02"]
[EventType "swiss"]
[EventRounds "9"]
[EventCountry "ROU"]
[SourceTitle "CBM 176 Extra"]
[Source "ChessBase"]
[SourceDate "2017.03.02"]
[SourceVersion "1"]
[SourceVersionDate "2017.03.02"]
[SourceQuality "1"]

1. e4 e5 2. Nf3 Nc6 3. d4 exd4 4. Bc4 Bc5 5. c3 d6 6. cxd4 Bb4+ 7. Bd2 Bxd2+ 8. Nbxd2 Nf6 9. 0-0 0-0 10. Rc1 Bg4 11. h3 Bh5 12. Re1 Nxd4 13. g4 Nxf3+ 14. Qxf3 Bg6 15. h4 h6 16. h5 Bh7 17. Bb3 Nd7 18. Qe3 a6 19. Red1 Rc8 20. f4 Qh4 21. Qf3 Nf6 22. e5 Nxg4 23. exd6 Qh2+ 24. Kf1 Bd3+ 25. Ke1 Rfe8+ 26. Ne4 Rxe4+ 27. Qxe4 Qf2# 0-1

[Event "ROM-ch U10"]
[Site "Calimanesti Caciulata"]
[Date "2016.04.23"]
[Round "7"]
[White "Voicu, Teodor Mihnea"]
[Black "Filip, Andrei"]
[Result "0-1"]
[WhiteElo "1539"]
[BlackElo "1441"]
[PlyCount "48"]
[EventDate "2016.04.18"]
[EventType "swiss"]
[EventRounds "9"]
[EventCountry "ROU"]
[SourceTitle "CBM 172 Extra"]
[Source "ChessBase"]
[SourceDate "2016.06.21"]
[SourceVersion "1"]
[SourceVersionDate "2016.06.21"]
[SourceQuality "1"]

1. e4 e6 2. d4 d5 3. exd5 exd5 4. c3 Nf6 5. Bd3 c5 6. h3 Nc6 7. Nf3 cxd4 8. Nxd4 Bc5 9. Nxc6 bxc6 10. 0-0 0-0 11. Nd2 Be6 12. Nb3 Bd6 13. Qf3 Qc7 14. Bg5 Nd7 15. Bc2 h6 16. Bd2 Ne5 17. Qe2 Rfe8 18. Rab1 Qd7 19. f4 Nc4 20. Qd3 g6 21. g4 Bxg4 22. hxg4 Qxg4+ 23. Kf2 Nxd2 24. Nxd2 Bc5+ 0-1

[Event "ROM-ch U10"]
[Site "Calimanesti Caciulata"]
[Date "2016.04.20"]
[Round "3"]
[White "Voicu, Teodor Mihnea"]
[Black "Craciun, Cristian Gabriel111"]
[Result "1-0"]
[WhiteElo "1539"]
[BlackElo "1379"]
[PlyCount "88"]
[EventDate "2016.04.18"]
[EventType "swiss"]
[EventRounds "9"]
[EventCountry "ROU"]
[SourceTitle "CBM 172 Extra"]
[Source "ChessBase"]
[SourceDate "2016.06.21"]
[SourceVersion "1"]
[SourceVersionDate "2016.06.21"]
[SourceQuality "1"]

1. e4 c5 2. Nc3 Nc6 3. f4 g6 4. Bc4 Bg7 5. Nf3 e6 6. 0-0 Nge7 7. d3 0-0 8. Bd2 d5 9. Bb3 a6 10. a4 b6 11. Qe1 Bb7 12. Rb1 Nd4 13. Nxd4 Bxd4+ 14. Kh1 Bg7 15. h3 Bc6 16. Kh2 b5 17. Ra1 b4 18. Nd1 a5 19. g4 Rc8 20. e5 Qd7 21. Nf2 Rfd8 22. Be3 d4 23. Bd2 Nd5 24. Ne4 Nb6 25. Nxc5 Qe8 26. Ra2 Bf8 27. Ne4 Be7 28. f5 exf5 29. gxf5 Bd5 30. Bh6 Bxb3 31. cxb3 Nd7 32. Qg3 Bf8 33. Bxf8 Qxf8 34. Raa1 Qg7 35. e6 Nf6 36. Ng5 fxe6 37. Nxe6 Nh5 38. Qe1 Qd7 39. Nxd8 Qd6+ 40. Kg1 Rxd8 41. Qe6+ Qxe6 42. fxe6 Re8 43. Rae1 Ng3 44. Rf7 Nf5 1-0

[Event "ROM-ch U10"]
[Site "Calimanesti"]
[Date "2015.04.02"]
[Round "5"]
[White "Nedelcu, Teodor Cosmin"]
[Black "Voicu, Teodor Mihnea"]
[Result "1-0"]
[WhiteElo "1491"]
[BlackElo "1309"]
[PlyCount "77"]
[EventDate "2015.03.30"]
[EventType "swiss"]
[EventRounds "9"]
[EventCountry "ROU"]
[SourceTitle "CBM 165 Extra"]
[Source "ChessBase"]
[SourceDate "2015.04.21"]
[SourceVersion "1"]
[SourceVersionDate "2015.04.21"]
[SourceQuality "1"]

1. d4 d5 2. c4 e6 3. Nc3 Nf6 4. e3 Nbd7 5. cxd5 exd5 6. Bd3 b6 7. Nge2 Bb7 8. b3 Bd6 9. Bb2 0-0 10. h3 c6 11. 0-0 Qc7 12. Rc1 Rac8 13. Nb5 Qb8 14. Nxd6 Qxd6 15. Ng3 g6 16. Qd2 Rfe8 17. Qc2 c5 18. Qd2 Ne4 19. Bxe4 dxe4 20. Rfd1 f5 21. d5 Nf6 22. Qc3 Rf8 23. Rd2 Ba6 24. Ne2 Bxe2 25. Rxe2 Qxd5 26. Rd2 Qf7 27. Rcd1 b5 28. Rd6 b4 29. Qxf6 Qxf6 30. Rxf6 Rfd8 31. Rfd6 Re8 32. Rd7 Rc6 33. Rg7+ Kf8 34. Rdd7 Ree6 35. Rxh7 Ke8 36. Rxa7 Kd8 37. Bf6+ Rxf6 38. Rh8+ Rf8 39. Rxf8# 1-0